| 000 | 00358pab a2200145 454500 | ||
|---|---|---|---|
| 008 | 180718b2003 xxu||||| |||| 00| 0 eng d | ||
| 100 | _aWerth, Jackie Baker | ||
| 245 | _aGetting to the bottom line in local government | ||
| 260 | _c2003 | ||
| 300 | _ap.21-24. | ||
| 362 | _aSep | ||
| 650 | _aLocal government | ||
| 773 | _aPublic Manager | ||
| 909 | _a58058 | ||
| 999 |
_c58058 _d58058 |
||